01548nam a2200241Ia 4500001000600000003000900006008004100015040001300056040001300069041001300082100002100095100002900116245010300145245010300248250001100351260001000362260001800372260004900390300005700439500073600496650004301232650003101275G2058IT-RoPAU130308s9999 xx 000 0 und d aIT-RoPAU cIT-RoPAU aFRANCESE aAlexandre Pierre gCodice Aut. SPICS: 1781 aPatrons de presse (Les). Quinze ans d'histoires secretes de la presse ecrite en France (1982-1997) bPatrons de Presse (Les). Quinze Ans d'histoires secretes de la Presse Ecrite En France (1982-1997) a1a ed. aPARIS bAnne Carriere c1997 [1° Ed.:1997 - Ed.Ling.Originale:1997] a"298 p. (prefazione: no ; testo: 298 [pagine: 0-0])" aPadroni della Stampa: 15 Anni di Storie Segrete della Stampa Francese (1982 1997). Personalità e Ambizioni di una Ventina di Grandi Direttori di Giornali, riviste e gruppi Editoriali. preferiscono Sovente Rimanere nell'Ombra. Non una Galleria di ritratti Ne' Storia della Stampa, Ma un Romanzo feuilleton delle Rivalità nel Mondo della Stampa tra questi Personaggi che si Chiamano: Daniel Filipacchi, Axel Ganz, Robert Hersant, Serge July, Claude Perdriel, Francoise Sampermans, Jean Louis Servan Schreiber, Nicolas Miguet, Georges Ghosn, Philippe Villin, Alain Ayache, Bernard Arnault, Christian Bregou, Henri J. Nijdam... Momenti Chiave della Vita, della Personalità e delle Ambizioni di Alcuni Grandi padroni della Stampa. aSTORIA NAZIONALE DELLA STAMPA DI MASSA eCodice materia Spics: 6659